Kokoro : (Record no. 238166)
[ view plain ]
| 000 -LEADER | |
|---|---|
| fixed length control field | 01149cam a22002653a 4500 |
| 001 - CONTROL NUMBER | |
| control field | 8882 |
| 003 - CONTROL NUMBER IDENTIFIER | |
| control field | PGUSA |
| 005 - DATE AND TIME OF LATEST TRANSACTION | |
| control field | 20140828083205.0 |
| 008 - FIXED-LENGTH DATA ELEMENTS--GENERAL INFORMATION | |
| fixed length control field | 050901s2005||||xxu|||||s|||||000 | eng d |
| 040 ## - CATALOGING SOURCE | |
| Original cataloging agency | PGUSA |
| Language of cataloging | eng |
| 042 ## - AUTHENTICATION CODE | |
| Authentication code | dc |
| 050 #4 - LIBRARY OF CONGRESS CALL NUMBER | |
| Classification number | DS |
| 100 1# - MAIN ENTRY--PERSONAL NAME | |
| Personal name | Hearn, Lafcadio, |
| Dates associated with a name | 1850-1904 |
| 245 10 - TITLE STATEMENT | |
| Title | Kokoro : |
| Remainder of title | Hints and Echoes of Japanese Inner Life |
| Medium | [electronic resource] / |
| Statement of responsibility, etc | Lafcadio Hearn |
| 260 ## - PUBLICATION, DISTRIBUTION, ETC. (IMPRINT) | |
| Name of publisher, distributor, etc | Project Gutenberg, |
| Date of publication, distribution, etc | 2005 |
| 505 0# - FORMATTED CONTENTS NOTE | |
| Formatted contents note | At a railway station -- The genius of Japanese civilization -- A street singer -- From a traveling diary -- The nun of the temple of Amida -- After the war -- Haru -- A glimpse of tendencies -- By force of Karma -- A conservative -- In the twilight of the gods -- The idea of pre-existence -- In cholera-time -- Some thoughts about ancestor-worship -- Kimiko -- Appendix: Three popular ballads. |
| 506 ## - RESTRICTIONS ON ACCESS NOTE | |
| Terms governing access | Public domain in the USA. |
| 516 ## - TYPE OF COMPUTER FILE OR DATA NOTE | |
| Type of computer file or data note | Electronic text |
| 653 ## - INDEX TERM--UNCONTROLLED | |
| Uncontrolled term | Japan -- Social life and customs |
| 653 ## - INDEX TERM--UNCONTROLLED | |
| Uncontrolled term | Japan -- Civilization |
| 653 ## - INDEX TERM--UNCONTROLLED | |
| Uncontrolled term | Folklore -- Japan |
| 830 #0 - SERIES ADDED ENTRY--UNIFORM TITLE | |
| Uniform title | Project Gutenberg |
| Volume number/sequential designation | 8882 |
| 856 40 - ELECTRONIC LOCATION AND ACCESS | |
| Uniform Resource Identifier | <a href="http://www.gutenberg.org/ebooks/8882">http://www.gutenberg.org/ebooks/8882</a> |
| 942 ## - ADDED ENTRY ELEMENTS (KOHA) | |
| Koha item type | eBooks |
| Withdrawn status | Lost status | Damaged status | Home library | Current library | Date acquired | Total Checkouts | Date last seen | Price effective from | Koha item type |
|---|---|---|---|---|---|---|---|---|---|
| Project Gutenberg | Project Gutenberg | 08/28/2014 | 08/28/2014 | 08/28/2014 | eBooks |